Detalles MARC
| 000 -LIDER |
| fixed length control field |
01142cam a2200349 4500 |
| 001 - NÚMERO DE CONTROL |
| Identificador de número de control |
a4733782 |
| 003 - IDENTIFICACDOR DE NÚMERO DE CONTROL |
| control field |
DO-SdBNP |
| 005 - DATE AND TIME OF LATEST TRANSACTION |
| control field |
20180510143440.0 |
| 008 - ELEMENTOS DE LONGITUD FIJA |
| fixed length control field |
100422s2010 sp a | |||| 001 0 spa |
| 015 ## - NÚMERO DENTRO DE LA BIBLIOGRAFÍA NACIONAL |
| National bibliography number |
MON1005 |
| 017 ## - NÚMERO DE REGISTRO DE DERECHOS DE AUTOR |
| Copyright or legal deposit number |
B 2936-2010 |
| Assigning agency |
Oficina Depósito Legal Barcelona |
| Canceled/invalid copyright or legal deposit number |
B 2936-LIII |
| 020 ## - ISBN |
| International Standard Book Number |
9788449440892 |
| 040 ## - FUENTE DE CATALOGACIÓN |
| Agencia que crea de manera original el registro |
BPMSU |
| Idioma de catalogación |
spa |
| Agencia que realiza la transcripción |
BPMSU |
| 041 1# - CÓDIGOS DE OBRAS TRADUCIDAS O EN VARIOS IDIOMAS |
| Código del idioma del texto/archivo de sonido o separata |
spa |
| Cód. del idioma original y/o traducciones intermedias del texto |
|
| 082 #4 - NÚMERO DE CLASIFICACIÓN DECIMAL DE DEWEY |
| Classification number |
747 |
| Item number |
I19p |
| 130 0# - ASIENTO PRINCIPAL--TITULO UNIFORME |
| Título uniforme |
Creare ad arte in casa |
| Idioma de una obra |
Español |
| 240 ## - TITULO UNIFORME |
| Título uniforme |
Creare ad arte in casa |
| Idioma de una obra |
Español |
| 245 10 - MENCIÓN DE TITULO |
| Título |
Mil ideas prácticas para el hogar : |
| Subtítulo |
cocina, reparaciones, ahorro, decoración, costura, organización, seguridad, bricolaje, celebraciones/ |
| Mención de responsabilidad |
edición, María Villalba |
| Medio (Designación general de material) |
|
| 260 ## - PUBLICACIÓN, DISTRIBUCIÓN, ETC. (PIE DE IMPRENTA) |
| Lugar de publicación, distribución, etc |
Barcelona : |
| Nombre del editor, distribuidor, etc. |
Océano, |
| Fecha de publicación, distribución, etc |
2010 |
| 300 ## - DESCRIPCIÓN FÍSICA |
| Extensión |
479 p. : |
| Otros detalles físicos |
il. ; |
| Dimensiones |
27 cm |
| 500 ## - NOTA GENERAL |
| Nota general |
Índice |
| 650 #4 - ENCABEZAMIENTO DE MATERIA--TEMÁTICO |
| Término temático o nombre geográfico como elemento de entrada |
ECONOMIA DOMÉSTICA |
| Fuente del encabezamiento o término |
|
| 650 #4 - ENCABEZAMIENTO DE MATERIA--TEMÁTICO |
| Término temático o nombre geográfico como elemento de entrada |
DECORACIÓN DE INTERIORES |
| 650 #4 - ENCABEZAMIENTO DE MATERIA--TEMÁTICO |
| Término temático o nombre geográfico como elemento de entrada |
COCINA |
| 650 #4 - ENCABEZAMIENTO DE MATERIA--TEMÁTICO |
| Término temático o nombre geográfico como elemento de entrada |
COSTURA |
| 650 #4 - ENCABEZAMIENTO DE MATERIA--TEMÁTICO |
| Término temático o nombre geográfico como elemento de entrada |
HOGAR |
| 700 12 - ASIENTO SECUNDARIO -- NOMBRE PERSONAL |
| Nombre personal |
Villalba, María |
| Fechas asociadas con el nombre |
1958- |
| 910 ## - VALIDACIÓN |
| Validación |
Validado. Control de calidad MFF |
| 942 ## - ADDED ENTRY ELEMENTS (KOHA) |
| Source of classification or shelving scheme |
Dewey Decimal Classification |
| Koha item type |
Libros |
| 945 ## - INFORMACIÓN DE PROCESAMIENTO LOCAL |
| Información de procesamiento local |
Inventariado, 2017 /VM |
| 956 ## - LOCAL ELECTRONIC LOCATION AND ACCESS (OCLC) |
| Nombre de host |
VMATEO |
| Número de acceso |
10 |
| Información de compresión |
20160624 |
| Trayectoria |
BPMSU |
| Nombre Electrónico |
0069 |